[Event "NOR-chT Codanserien 2017-18"]
[Site "Stavanger"]
[Date "2017.12.01"]
[Round "1"]
[White "Persson, Mats"]
[Black "Borresen, Georg S"]
[Result "1-0"]
[WhiteElo "2312"]
[BlackElo "2253"]
[Annotator "TA"]
[PlyCount "117"]
[EventDate "2017.??.??"]
[EventType "team-tourn"]
[EventCountry "NOR"]
[SourceTitle "playchess.com"]
[Source "ChessBase"]
[SourceQuality "1"]

{[%evp 20,117,25,33,107,97,83,83,109,106,118,108,109,116,116,108,116,111,129,135,153,153,150,147,145,135,131,133,134,127,119,102,100,97,123,102,97,96,100,94,104,104,112,104,124,111,131,112,116,108,107,112,184,170,210,23,119,40,60,73,102,0,45,123,136,151,193,152,228,126,333,333,479,457,469,467,464,451,461,467,424,333,419,383,424,399,396,389,432,430,523,519,494,477,464,446,29979,29980,29980,29981]} 1. e4 c5 2. Nf3 d6 3. Bb5+ Nc6 4. Bxc6+ bxc6 5. O-O e5 6. c3 f5 7. exf5 {B51: Sicilian: Moscow Variation (3 Bb5+) without 3...Bd7} Bxf5 8. d4 cxd4 9. cxd4 e4 10. Nfd2 Nf6 11. f3 {LiveBook: 5 Games} Qb6 $146 (11... Be7 $14) ({Predecessor:} 11... Be7 12. fxe4 Bg6 13. Nc3 O-O 14. Qe2 Qd7 {0-1 (74) Delgado Ramirez,N (2562)-Hernandez Carmenates,H (2543) Santa Clara 2007}) 12. Nxe4 Be7 13. Ng3 Bxb1 14. Rxb1 O-O 15. Nf5 Nd5 16. Nxe7+ Nxe7 17. Be3 {[%cal Bc1e3,Be3f2,Bf2g3][%mdl 32]} Nd5 18. Bf2 Rae8 19. Re1 h6 20. Qd2 Qd8 21. Bg3 Qd7 22. Rxe8 Rxe8 23. Re1 Rxe1+ 24. Qxe1 Kf7 25. a3 Qe6 26. Qd1 Nb6 27. b3 Nd5 28. Qd3 Ke7 29. Kf2 Kd7 30. h3 Nc7 31. Bf4 Qd5 32. Be3 Ne6 33. Ke2 h5 34. a4 h4 35. Kd2 Kc7 (35... Nc7 $16 {was called for.} 36. Kc2 Qf7) 36. Qc4 $18 Qf5 37. Kc3 $2 (37. d5 $1 $18 Qxd5+ 38. Qxd5 cxd5 39. Bxa7) 37... Kd7 (37... Nf4 $11) 38. d5 (38. Qd3 $16 Qxd3+ 39. Kxd3) 38... cxd5 $14 39. Qb5+ Ke7 {[#]} 40. Bxa7 (40. Qb7+ $1 $16 Kf6 41. Qxa7) 40... Qe5+ 41. Kc2 Nd4+ 42. Bxd4 $1 Qxd4 $16 {[%mdl 4096] Endgame KQ-KQ} 43. Qe2+ Kd7 {[#]} 44. Kb1 (44. b4 $1 $18) 44... Qc3 $2 (44... g5 $16 45. Kc2 Qc5+ 46. Kb2 d4) 45. Qb5+ $18 Ke6 (45... Kd8 $142 46. Qxd5 Kc7) 46. Qe8+ Kf6 47. Qf8+ Ke6 48. Qg8+ Kd7 49. Qxd5 Qe1+ 50. Kc2 Qa1 51. Qb7+ Kd8 52. Qb8+ Kd7 53. Qb5+ Ke6 54. Qc4+ Kd7 55. Qc3 Qf1 56. Qxg7+ Kc6 57. Qc3+ Kb7 (57... Kd7 $18 58. Qg7+ Kc6) 58. Qb4+ Ka7 59. Qa5+ {Precision: White = 62%, Black = 38%.} 1-0

[Event "NOR-chT Codanserien 2017-18"]
[Site "Stavanger"]
[Date "2017.12.01"]
[Round "1"]
[White "Andersen, Lars Even"]
[Black "Hauge, Lars Oskar"]
[Result "0-1"]
[WhiteElo "2302"]
[BlackElo "2439"]
[Annotator "TA"]
[PlyCount "64"]
[EventDate "2017.??.??"]
[EventType "team-tourn"]
[EventCountry "NOR"]
[SourceTitle "playchess.com"]
[Source "ChessBase"]
[SourceQuality "1"]

{[%evp 13,64,31,46,-33,-20,-45,-47,-49,-54,-58,-54,-99,-117,-106,-97,-145,-93,-83,0,0,63,0,0,0,0,-89,-28,-113,53,-33,-28,-144,-133,-139,-179,-580,-565,-29988,-1669,-1652,-1658,-1449,-1415,-29976,-29977,-29977,-29978,-6387,-6323,-29992,-29993,-29993,-29994]} 1. d4 Nf6 2. c4 c5 3. Nf3 cxd4 4. Nxd4 e5 5. Nb5 d5 6. cxd5 Bb4+ 7. N1c3 {A31: Englische Eröffnung (Symmetrische Variante)} O-O {LiveBook: 6 Partien} (7... a6 $6 8. Qa4 $16) 8. d6 $146 (8. a3 $14 Ba5 9. b4) ({Vorgänger:} 8. a3 Bc5 9. Na4 Bxf2+ 10. Kxf2 a6 11. Nbc3 Nbd7 12. b4 b5 13. Nc5 Nxc5 14. bxc5 Qe7 {1-0 (49) Greenfeld,A (2550)-Christiansen,J (2429) Fagernes 2017}) 8... Nc6 $15 9. Bg5 {Die Stellung ist ausgeglichen.} Qa5 {zielt auf ...Dxb5 ab.} 10. Bxf6 {Droht d7 und aus.} Qxb5 11. Bg5 Be6 {[%mdl 1024] Schwarz hat Kompensation.} 12. g3 Nd4 13. Bg2 Bc4 $1 {[%cal Rc4e2] Weiss muss nun ...Lxe2 beachten.} 14. Qd2 {[#]} Qa5 (14... Qa6 $142 $1 {Und ...Lxe2 würde nun gewinnen.} 15. Be7 Bxe2) 15. Be7 $17 (15. Bxb7 $2 Rab8 $19) 15... Nxe2 ({Lieber} 15... Nb3 $17 16. axb3 Qxa1+ 17. Qd1 Qxd1+ 18. Kxd1 Bxb3+ 19. Kc1 Rfe8) 16. a3 $1 $36 {[%mdl 2048] Weiss kämpft um Vorteil.} ({Falsch wäre} 16. Bxf8 $2 Nxc3 17. a3 Nd5 $19) 16... Nd4 ({Besser ist} 16... Rfb8 $11) 17. Rd1 (17. Rc1 $14 Bxd6 18. Bxd6) 17... Bxd6 18. Bxd6 Rfd8 19. Bb4 ({Jedoch nicht} 19. Bxb7 $2 Qb6 $19) (19. Be7 $1 $11 Rd7 20. Bg5) 19... Qc7 (19... Qb6 $17) 20. Ne4 {[#]} (20. Qc1 $11 {hält das Gleichgewicht.} Rac8 21. a4) 20... a5 $2 ({Günstiger ist} 20... f5 $1 $17 21. Ng5 h6) 21. Bc3 (21. Bc5 $14 Be2 22. Bxd4 Bxd1 23. Qc3) 21... f5 $15 22. Ng5 (22. Bxd4 $11 Rxd4 23. Qc2 Rxd1+ 24. Kxd1) 22... h6 $17 23. Nh3 Qb6 24. Bxd4 $2 (24. Qc1 {leistet mehr Widerstand.} Rac8 25. Rd2) 24... exd4 $19 25. Rc1 Re8+ (25... Qe6+ $142 26. Kd1 Bb3+ 27. Rc2 d3 28. Kc1 dxc2 29. Nf4 Rxd2 30. Kxd2 Rd8+ 31. Bd5 Rxd5+ 32. Nxd5 Qxd5+ 33. Kc3 Qxh1 34. Kxb3 c1=Q 35. f4 Qd5+ 36. Ka4 Qcc6#) 26. Kd1 Bb3+ 27. Rc2 d3 28. Qxd3 Rad8 29. Qxd8 Qxd8+ 30. Kc1 Bxc2 31. Kxc2 Re2+ 32. Kb3 Qb6+ {Precision: Weiß = 28%, Schwarz = 57%.} 0-1

[Event "NOR-chT Codanserien 2017-18"]
[Site "Stavanger"]
[Date "2017.12.01"]
[Round "1"]
[White "Mikalsen, Erlend"]
[Black "Djurhuus, Rune"]
[Result "0-1"]
[WhiteElo "2297"]
[BlackElo "2421"]
[Annotator "TA"]
[PlyCount "66"]
[EventDate "2017.??.??"]
[EventType "team-tourn"]
[EventCountry "NOR"]
[SourceTitle "playchess.com"]
[Source "ChessBase"]
[SourceQuality "1"]

{[%evp 17,66,-30,-22,-58,-70,-58,-68,-91,-116,-113,-113,-122,-93,-172,-153,-155,-157,-176,-186,-245,-180,-183,-187,-210,-202,-187,-178,-194,-190,-254,-243,-379,-379,-379,-353,-422,-422,-579,-521,-626,-622,-752,-745,-757,-735,-858,-830,-975,-966,-932,-913]} 1. e4 Nc6 2. d4 e5 3. d5 Nce7 4. g3 Nf6 5. Bg2 d6 6. Ne2 g6 7. O-O Bg7 8. Nbc3 O-O 9. h3 c6 {LiveBook: 11 Games. B07: Pirc Defence: Miscellaneous Systems} 10. f4 $146 ({Predecessor:} 10. dxc6 bxc6 11. f4 h6 12. fxe5 Qb6+ 13. Kh2 dxe5 14. Qd6 Be6 15. Qxe7 Rfe8 16. Qa3 Bf8 17. Na4 Qa6 18. Qf3 Qxa4 19. Nc3 {1-0 (19) Alvarez Pedraza,A (2515)-Movsziszian,K (2501) Barcelona 2011}) 10... exf4 11. Bxf4 cxd5 {Black is slightly better.} 12. Bg5 Nxe4 13. Bxe4 dxe4 14. Nd5 Re8 15. Nec3 (15. g4 $17 {was called for.}) 15... Qd7 $19 {[#] ...Nxd5 is the strong threat.} ({Don't play} 15... Bxh3 16. Nxe4 Bxf1 17. Qxf1 $17) 16. Nxe7+ Rxe7 17. Bxe7 Qxe7 18. Kh2 (18. Re1 {was worth a try.}) 18... Qe6 19. Qg4 Qxg4 20. hxg4 Bxc3 $1 ({Resist} 20... Bxg4 21. Nxe4 Bxb2 22. Rab1 $17) 21. bxc3 Bxg4 {[%mdl 4096] Endgame KRR-KRB} 22. Rab1 {[#]} b6 $1 23. Rfe1 (23. Rb4 $142) 23... f5 24. Kg2 (24. a4 {might work better.}) 24... Rc8 25. Rb3 Kf7 26. Kf2 Ke6 {Black is clearly winning.} 27. Ke3 Ke5 28. a4 g5 {[%cal Bg6g5,Bg5f4][%mdl 32]} 29. Rf1 d5 30. a5 bxa5 31. Kd2 f4 32. gxf4+ gxf4 33. Rb7 e3+ {Precision: White = 27%, Black = 97%.} 0-1

[Event "NOR-chT Codanserien 2017-18"]
[Site "Stavanger"]
[Date "2017.12.01"]
[Round "1"]
[White "Al-Tarbosh, Ward"]
[Black "Flaata, Alexander R"]
[Result "1/2-1/2"]
[WhiteElo "2266"]
[BlackElo "2103"]
[Annotator "TA"]
[PlyCount "134"]
[EventDate "2017.??.??"]
[EventType "team-tourn"]
[EventCountry "NOR"]
[SourceTitle "playchess.com"]
[Source "ChessBase"]
[SourceQuality "1"]

{[%evp 11,134,54,72,49,47,-8,37,17,46,-58,-35,-43,-37,-47,-28,-24,-30,-26,-10,-20,-22,-29,-19,-28,-8,-4,-6,-4,0,-4,-3,-83,-83,-83,-80,-83,-83,-83,-82,-83,-83,-82,-83,-91,-88,-92,-88,-106,-102,-101,-112,-149,-100,-110,0,-143,-118,-118,-112,-134,-135,-128,-129,-156,-127,-148,-139,-139,-137,-145,-140,-154,-139,-145,-151,-148,-140,-143,-140,-136,-108,-200,-164,-198,-197,-188,-118,-129,0,-168,-150,-159,-115,-211,-211,-299,-293,-269,-153,-153,-152,-153,-146,-146,-145,-145,-115,-138,0,0,0,0,0,0,0,0,0,0,0,0,0,0,0,0,0]} 1. e4 d6 2. d4 Nf6 3. Bd3 e5 4. Nf3 Nbd7 5. O-O Be7 6. c3 {B07: Pirc Defence: Miscellaneous Systems} c6 {LiveBook: 20 Games} (6... O-O 7. Re1 c6 8. Nbd2 Qc7 9. Nf1 Re8 10. h3 Nf8 11. Ng3 Ng6 12. Be3 Bf8 13. Qd2 h6 14. c4 Bd7 15. Bc2 exd4 16. Bxd4 {½-½ (35) Ragger,M (2656)-Baklan,V (2601) Linares 2017}) 7. b3 Qc7 $146 ({Predecessor:} 7... O-O 8. Bb2 Qc7 9. Nbd2 Re8 10. Re1 Nf8 11. c4 Ng6 12. Nf1 Bg4 13. h3 Bd7 14. Ng3 Rad8 15. Nf5 Bf8 16. Qc2 Be6 17. Ng5 {1-0 (17) Salazar Lopez,J (1697)-Garzon Rivera,J (1714) Carpuela 2014}) 8. Bb2 ({White should play} 8. Re1 $14) 8... Nf8 (8... d5 $5 {[%cal Rd5e4]} 9. Nbd2 exd4 $11) 9. c4 {[%cal Rd4e5]} Ng6 10. c5 (10. Nbd2 $14) 10... Bg4 11. cxd6 Bxd6 12. Nbd2 O-O 13. h3 Bxf3 14. Nxf3 Rfe8 15. Re1 Rad8 16. Qc2 exd4 17. Bxd4 Ne5 18. Bxe5 Bxe5 19. Rad1 h6 20. Bc4 Rxd1 21. Rxd1 {[#]} (21. Qxd1 $11 b5 22. Nxe5 Qxe5 23. Bd3) 21... Nxe4 $1 $17 {[%mdl 512]} 22. Re1 ({But not} 22. Qxe4 $2 {[#]} Bh2+ $1 {[%mdl 512]} 23. Nxh2 Rxe4 $19) 22... Nf6 23. g3 Bd6 24. Rxe8+ Nxe8 25. Nd4 Qd7 26. Nf5 Bf8 27. Kg2 Nf6 28. Be2 Nd5 29. Bg4 {aiming for Nxh6+!} Qe8 30. Bf3 Qe5 31. Nh4 Bd6 32. Nf5 Bf8 33. Nh4 $1 g6 34. Be4 Nb4 35. Qb1 f5 36. Bf3 Kh7 37. a3 Nd5 38. b4 Be7 39. Bxd5 Qxd5+ 40. Nf3 Bf6 41. Qc2 Kg7 42. Qe2 Kf7 43. Kh2 b6 {[%cal Bb7b6,Bb6b5][%mdl 32]} 44. Nd2 b5 45. Nf3 g5 46. Qe3 (46. Ne1 $17 {was called for.}) 46... a6 47. Nd2 Bd4 48. Qe2 Bc3 (48... Bb2 $19 49. Qh5+ Kg7) 49. Nf1 Bd4 50. Nd2 $1 Qe6 51. Qf3 Kg6 52. Nb3 {[#]} (52. g4 $17) 52... Bxf2 $1 $19 {[%mdl 512]} 53. Na5 (53. Qxf2 $142 Qxb3 54. Qe2) 53... Bd4 54. Nxc6 Qa2+ (54... Bb6 $19 55. Qd5 Kf6) 55. Qg2 $17 Qxg2+ 56. Kxg2 {[%mdl 4096] Endgame KB-KN} Bb2 57. Nb8 Bxa3 58. Nxa6 Kf6 59. Nc7 Bxb4 (59... g4 $17 {Hoping for ...Ke5.} 60. Nxb5 Bxb4) 60. Nd5+ $11 {The position is equal.} Ke5 61. Nxb4 {KN-KP} Kd4 62. Nc2+ Kc3 63. Ne3 b4 {Threatens to win with ...b3.} 64. Nxf5 b3 65. Ne3 Kd3 66. Nd1 Kc2 (66... Kd2 $5 67. Nb2 $8 h5 $11) 67. Ne3+ Kd3 {Precision: White = 61%, Black = 54%.} ({Of course not} 67... Kc1 $6 68. Nc4 $16) 1/2-1/2

[Event "NOR-chT Codanserien 2017-18"]
[Site "Stavanger"]
[Date "2017.12.01"]
[Round "1"]
[White "Gudbrandsen, Gustav"]
[Black "Vea, Odin Blikra"]
[Result "1/2-1/2"]
[WhiteElo "2235"]
[BlackElo "2191"]
[Annotator "TA"]
[PlyCount "90"]
[EventDate "2017.??.??"]
[EventType "team-tourn"]
[EventCountry "NOR"]
[SourceTitle "playchess.com"]
[Source "ChessBase"]
[SourceQuality "1"]

{[%evp 23,90,60,89,62,85,75,114,120,115,99,125,116,111,115,112,114,105,0,0,0,0,6,6,0,6,2,33,33,33,33,35,38,83,77,66,30,27,23,45,23,16,16,22,-8,0,0,0,0,0,0,0,0,0,0,0,0,0,0,0,0,0,0,0,0,8,0,8,0,0]} 1. e4 c5 2. Nf3 Nc6 3. d4 cxd4 4. Nxd4 Nf6 5. Nc3 e5 6. Ndb5 h6 7. Nd6+ Bxd6 8. Qxd6 Qe7 9. Qxe7+ Kxe7 10. Be3 d6 11. f3 {B33: Sicilian: Pelikan and Sveshnikov Variations} Be6 12. O-O-O Rac8 {LiveBook: 5 Games} (12... Rhd8 13. b3 b6 14. Kb2 d5 15. exd5 Nxd5 16. Nxd5+ Rxd5 17. Rxd5 Bxd5 18. Bb5 Rc8 {½-½ (67) Lintchevski,D (2569)-Usmanov,V (2455) St Petersburg 2017}) 13. a3 {White is better.} Rhd8 14. Nd5+ $146 ({Predecessor:} 14. Bd3 b6 15. Nd5+ Bxd5 16. exd5 Nb8 17. Rhe1 Nbd7 18. Ba6 Rc7 {½-½ (58) Ermachenko,M (1531)-Pulido Sancho,A (1989) Santa Margalida 2016}) 14... Ke8 15. Nxf6+ gxf6 16. Bxh6 Nd4 17. Bd3 Ba2 {[%csl Ga2][%cal Rd4b3] [#]} 18. Kd2 d5 19. c3 dxe4 20. cxd4 ({Only move:} 20. fxe4 $16 Ne6 21. Kc1) 20... exd3 $11 21. Rc1 $1 Rxc1 22. Rxc1 {Threatening Bg7.} Rxd4 {[%mdl 4096] Endgame KRB-KRB} 23. Be3 Rh4 24. h3 Bd5 25. Bxa7 e4 26. Bf2 Rh7 27. h4 f5 {[%cal Bf6f5,Bf5f4][%mdl 32]} 28. Rc5 Be6 29. Re5 Rg7 30. g3 f4 31. fxe4 ({But not} 31. gxf4 Rg2 $15) 31... fxg3 32. Bg1 {The position is equal.} Rg4 33. Rg5 (33. h5 {is more complex.} Ke7 34. Kxd3 Kd6 35. Rb5 Rh4 36. Ba7) 33... Rxe4 34. Kxd3 Rxh4 35. Rxg3 Kd7 36. Bd4 Kc6 37. Re3 Rh2 38. Bc3 Kd5 {[#] White must now prevent ...Bf5+.} 39. Re5+ Kd6 40. Kd4 f5 41. Bb4+ Kd7 42. Rb5 Rh4+ 43. Ke5 Re4+ 44. Kf6 Kc6 45. Re5 Rxe5 {Precision: White = 66%, Black = 72%.} 1/2-1/2

[Event "NOR-chT Codanserien 2017-18"]
[Site "Stavanger"]
[Date "2017.12.01"]
[Round "1"]
[White "Berg, Johan"]
[Black "Elseth, Roar"]
[Result "0-1"]
[WhiteElo "2216"]
[BlackElo "2324"]
[Annotator "TA"]
[PlyCount "136"]
[EventDate "2017.??.??"]
[EventType "team-tourn"]
[EventCountry "NOR"]
[SourceTitle "playchess.com"]
[Source "ChessBase"]
[SourceQuality "1"]

{[%evp 21,136,19,28,-15,-18,-32,-24,-31,-28,-23,-25,-29,-26,-34,-13,-17,0,-16,-13,-13,-9,-7,4,-14,0,0,0,-23,-27,-4,0,10,0,-50,-46,-33,-43,-42,-54,-55,-13,-118,0,0,26,0,41,0,68,69,75,56,99,29,61,9,8,14,47,-180,-153,-171,-170,-178,-149,-149,-116,-183,-175,-170,-165,-183,-158,-151,-154,-136,-60,-56,-64,-56,-56,-141,-119,-495,-392,-395,-401,-408,-401,-401,-401,-401,-401,-401,-410,-439,-439,-748,-470,-29959,-29959,-29963,-29957,-29959,-6601,-6079,-2470,-29977,-29970,-29981,-29982,-29982,-29981,-29981,-29980,-29983,-29981]} 1. e4 e5 2. Nf3 Nc6 3. Bb5 a6 4. Ba4 Nf6 5. O-O Be7 6. Re1 b5 7. Bb3 d6 8. c3 O-O 9. h3 Nb8 10. a4 Bb7 11. d3 Nbd7 {LiveBook: 21 Games. C94: Closed Ruy Lopez: Breyer Variation with 10 d3} 12. a5 $146 ({Predecessor:} 12. axb5 axb5 13. Rxa8 Bxa8 14. Na3 c6 15. Nc2 c5 16. Ne3 c4 17. dxc4 bxc4 18. Bxc4 Bxe4 {0-1 (40) Savchenko,B (2612)-Khanin,S (2377) Pavlodar 2015}) 12... c5 13. Nbd2 Qc7 {Black is slightly better.} 14. Qe2 Rae8 15. Nf1 Nb8 16. Bd2 Nc6 17. c4 b4 18. Ba4 Bc8 19. Ng3 Bd7 20. Bxc6 Qxc6 21. Nh2 Qc8 22. b3 h6 23. Rf1 Nh7 24. f4 exf4 25. Bxf4 Ng5 26. Qh5 Kh7 27. Bxg5 Bxg5 28. Rxf7 Rxf7 29. Qxf7 Rf8 30. Qh5 Qd8 {[%mdl 1024] Black has compensation.} 31. Nf3 (31. Rf1 $11) 31... Be3+ (31... Bf4 $1 $17 {[%cal Rf4g3]} 32. Ne2 Be3+ 33. Kh2 Be6) 32. Kh1 $1 $11 Be6 33. Nh4 {Qg6+ is the strong threat.} Rf6 {Threatens to win with ...Bf4.} 34. Rf1 Bg5 (34... g6 $11 35. Qd1 Rxf1+ 36. Nxf1 Qxh4 37. Nxe3 Bxh3) 35. Nf3 $1 $14 {[%cal Rf3g5]} Bf4 {[#]} 36. Nf5 $1 Qf8 {[%cal Re6f5] [#]} 37. Qg4 ({White should try} 37. Qh4 $1 $16 {[%cal Rh4f4]} Bxf5 38. exf5 (38. Qxf4 Bxh3 39. Qh4 Bd7 $11) 38... Rxf5 39. Qe1) 37... Be5 $11 38. Nxe5 (38. Qh4 $14) 38... dxe5 39. Qe2 Qd8 40. Qb2 $2 (40. Ne3 $14 {stays ahead.}) 40... Qxd3 $19 41. Qb1 Qxb1 42. Rxb1 Bxf5 43. exf5 Rxf5 {[%mdl 4096] Endgame KR-KR} 44. Re1 (44. Kh2 $17 {is a better defense.}) 44... Kg6 45. g4 Rf3 {aiming for ...Kf6.} 46. Kg2 Rxb3 47. Rxe5 Ra3 48. Rxc5 Kh7 ({Black should play} 48... Kf6 $17 49. Rc6+ Ke5) 49. Rc6 Rxa5 50. Rb6 Ra2+ 51. Kg3 (51. Kf3 $15) 51... a5 $17 52. h4 $2 {[%mdl 8192]} (52. c5 $17 {was the crucial defense.}) 52... Rc2 53. Rb5 Rc3+ 54. Kh2 Rxc4 {And now ...a4 would win.} 55. Rxa5 Rxg4 56. Kh3 Rg1 57. Rb5 Rb1 58. h5 b3 59. Rb8 (59. Rb7 $142) 59... g5 $19 60. hxg6+ (60. Rb7+ $19 Kg8 61. Kg3) 60... Kxg6 61. Rb6+ Kg5 62. Rb8 Kf4 63. Kg2 Ke3 64. Rh8 Kd3 {Black mates.} 65. Rxh6 Rc1 66. Rd6+ Kc3 67. Rc6+ Kb2 68. Rb6 Rc4 {Precision: White = 36%, Black = 65%.} 0-1

[Event "NOR-chT Codanserien 2017-18"]
[Site "Stavanger"]
[Date "2017.12.01"]
[Round "1"]
[White "Christenson, Flemming"]
[Black "Greibrokk, Ingrid"]
[Result "1-0"]
[WhiteElo "2209"]
[BlackElo "1868"]
[Annotator "TA"]
[PlyCount "79"]
[EventDate "2017.??.??"]
[EventType "team-tourn"]
[EventCountry "NOR"]
[SourceTitle "playchess.com"]
[Source "ChessBase"]
[SourceQuality "1"]

{[%evp 17,79,24,39,-19,0,0,4,-5,0,0,23,-136,-140,-139,0,0,0,0,0,0,0,0,0,0,79,70,167,125,129,154,140,50,39,43,137,118,144,141,266,266,231,141,126,105,113,122,108,116,104,82,64,16,56,36,92,75,114,140,147,130,170,166,272,265]} 1. d4 d5 2. Bf4 Nf6 3. e3 e6 4. c3 Be7 5. Bd3 c5 6. Nd2 Nc6 7. Ngf3 b6 8. Ne5 {D02: 1 d4 d5 2 Nf3 sidelines, including 2...Nf6 3 g3 and 2...Nf6 3 Bf4} (8. Qe2 Bb7 9. Rd1 Nh5 10. Bg3 Nxg3 11. hxg3 Qc7 12. Ba6 Bxa6 13. Qxa6 O-O 14. g4 g6 15. g3 e5 {½-½ (33) Novik,M (2484)-Zumsande,M (2422) Finland 2016}) 8... Nxe5 9. dxe5 Nd7 {LiveBook: 4 Games} 10. Nf3 (10. c4 $14) 10... Bb7 (10... g5 $5 11. Bg3 $8 h5 $11) 11. h4 h6 12. h5 $146 ({Predecessor:} 12. Qe2 Qc7 13. e4 d4 14. cxd4 cxd4 {½-½ (60) Alvarez,D-Paternoste,R (2251) Ciudadela 2008}) 12... Qc7 13. O-O O-O-O 14. c4 $2 {[#]} (14. Qe2 $11) 14... dxc4 $17 15. Bxc4 Qc6 (15... Nxe5 $1 $17 16. Nxe5 Rxd1 17. Rfxd1 Bf6) 16. Qe2 g5 17. hxg6 fxg6 18. Bb5 Qe4 19. Bd3 Qc6 $1 20. e4 Bg5 (20... Kb8 $11 {remains equal.}) 21. Bg3 Rdf8 (21... Be7 $14) 22. Rfe1 Bf4 23. Bb5 Qc7 24. Bxd7+ (24. Bxf4 $16 Rxf4 25. Qc4) 24... Qxd7 $14 25. Rad1 Qf7 (25... Qe7 $14) 26. Bxf4 $16 Qxf4 27. Qc4 g5 (27... Qf7 $16 {keeps fighting.}) 28. Qxe6+ $18 Kb8 29. Qd6+ Ka8 {With the idea ...g4.} 30. e6 Qxd6 31. Rxd6 Re8 32. Ne5 {Threatens to win with Red1.} Rhg8 33. f3 $36 {[%mdl 2048] White is on the roll.} Bc8 34. Nc4 Rxe6 35. Red1 Rge8 ({Black should play} 35... Kb8 $14) 36. a3 Ba6 37. Ne3 Bc8 38. Kf2 Rxd6 39. Rxd6 Be6 (39... Re6 $142 40. Rd8 Kb7) 40. Nf5 {Precision: White = 40%, Black = 34%.} 1-0

[Event "NOR-chT Codanserien 2017-18"]
[Site "Stavanger"]
[Date "2017.12.01"]
[Round "1"]
[White "Andersen, Alf R"]
[Black "Holm, Kristian Stuvik"]
[Result "0-1"]
[WhiteElo "2161"]
[BlackElo "2429"]
[Annotator "TA"]
[PlyCount "66"]
[EventDate "2017.??.??"]
[EventType "team-tourn"]
[EventCountry "NOR"]
[SourceTitle "playchess.com"]
[Source "ChessBase"]
[SourceQuality "1"]

{[%evp 21,66,5,20,-47,-54,-69,-60,-85,0,-97,-65,-83,-72,-87,-70,-91,-91,-78,-71,-92,-83,-170,-93,-258,-235,-397,-275,-297,-325,-393,-384,-430,-342,-697,-644,-1168,-1115,-1108,-1108,-1352,-1023,-997,-958,-1536,-1389,-5327,-657]} 1. e4 e5 2. Nf3 Nc6 3. d4 exd4 4. Nxd4 Nf6 5. Nxc6 bxc6 6. e5 Qe7 7. Qe2 Nd5 8. c4 Nb6 9. b3 Qe6 10. Bb2 {C45: Scotch Game} a5 (10... Bb4+ 11. Nd2 O-O 12. O-O-O Qe7 13. Ne4 Re8 14. Nf6+ gxf6 15. Qg4+ Kh8 16. exf6 Qf8 17. Qh4 d5 18. Bd3 Qg8 19. c5 Bxc5 {0-1 (34) Ivanchuk,V (2753)-Almasi,Z (2693) Havana 2014}) 11. Nd2 Bb4 {LiveBook: 8 Games} 12. O-O-O ({White should try} 12. a3 $11 Bxd2+ 13. Qxd2) 12... a4 $15 13. f4 axb3 14. axb3 Qe7 $146 (14... O-O $1 $17) ({Predecessor:} 14... O-O 15. Nf3 d5 16. exd6 Bxd6 17. Qd2 Ba3 18. Bd3 Qf6 19. Ne5 {0-1 (28) Haubt,G (2240)-Foessmeier,U (2305) Germany 1994}) 15. g4 (15. Qg4 $11 {keeps the balance.}) 15... Ba3 {Threatens to win with ...Na4!} 16. Nb1 $1 {[%cal Rb1a3] [#]} Bxb2+ $1 17. Qxb2 {[#]} O-O $1 18. Bd3 d5 19. exd6 cxd6 20. Rhe1 Qc7 21. Qf2 (21. h3 $17 {might work better.}) 21... d5 (21... Bxg4 $19 22. Bxh7+ Kxh7 23. Qh4+ Kg8 24. Qxg4 d5) 22. Re5 $2 (22. f5 $17) 22... g6 ({But not} 22... Bxg4 23. Rg1 $17) 23. h4 $2 (23. Qg3) 23... dxc4 $19 24. bxc4 Bxg4 25. Rde1 Rad8 26. R1e3 Qb8 27. Qc2 $2 (27. Qb2) 27... Nd7 {Black is clearly winning.} 28. Rg3 Nxe5 29. fxe5 Qxe5 {( -> ...Qe1+)} 30. Qf2 h5 31. Re3 Qd4 {And now ...Rb8 would win.} 32. Qe1 Rb8 {[%csl Gb8][%cal Rd4b2]} 33. Qd2 Rb2 {Precision: White = 20%, Black = 60%.} 0-1